01128cam a2200241 a 4500003000500000005001700005008004100022010001000063011001000073035001000083040000900093100002200102245015800124250001000282260016800292300002000460410014100480490003100621650001600652650004600668810014100714830003100855CHAP20220329142141.0000118d1993 mx a r 00100 spa d a79253 a80225 a90674 cCHAP00aManzanilla, Hugo. 4aLos sitios permanentes de investigación silvicola un sistema integrado para iniciarse en el cultivo de los ecosistemas forestalesc/por Hugo Manzanilla a2 ed. aMéxico, D. F. :bINIFAP. División Forestal. Centro Nacional de Investigaciones Disciplinarias en Conservación y Mejoramiento de Ecosistemas Forestalesc1993. a101 p. :bilus. aINIFAP. División Forestal. Centro Nacional de Investigación Disciplinaria en Conservación y Mejoramiento de Ecosistemas Forestales 0aBoletín técnicov; 11614aEcosistema.14aSilviculturaxPublicaciones periódicas.00aINIFAP. División Forestal. Centro Nacional de Investigación Disciplinaria en Conservación y Mejoramiento de Ecosistemas Forestales0 aBoletín técnicov; 116